000 00464nam a2200193Ia 4500
005 20231003102814.0
008 131103s9999 xx 000 0 und d
020 _a034062311 X
040 _aLoreto College
041 _aEnglish
082 _aF
_bPLA
100 _aPlain,Belva
245 4 _aThe Carousel
_cBelva Plain
260 _aLondon
_bHodder and Stoughton
_c1995
300 _a327 p.
650 _aFiction in English
850 _aLCLIB
942 _cBK
999 _c14670
_d65149